Statistics Toolkit (Record no. 785322)

MARC details
000 -LEADER
fixed length control field 00519nam a22001817a 4500
003 - CONTROL NUMBER IDENTIFIER
control field 330010
005 - DATE AND TIME OF LATEST TRANSACTION
control field 20250910154617.0
008 - FIXED-LENGTH DATA ELEMENTS--GENERAL INFORMATION
fixed length control field 250910b sa ||||| |||| 00| 0 eng d
020 ## - INTERNATIONAL STANDARD BOOK NUMBER
International Standard Book Number <a href="9781405161428">9781405161428</a>
Qualifying information (pbk)
040 ## - CATALOGING SOURCE
Transcribing agency 3228
082 #0 - DEWEY DECIMAL CLASSIFICATION NUMBER
Classification number 610.72 PERE
942 ## - ADDED ENTRY ELEMENTS
Creator ID 190
Creator Name Dudu Mondlane
Modifier ID 190
Modifier Name Dudu Mondlane
100 ## - MAIN ENTRY--PERSONAL NAME
Personal name Perera, Rafael Malden, Mass., 2008
245 ## - TITLE STATEMENT
Title Statistics Toolkit
Statement of responsibility, etc. [Author: Heneghan, Carl & Badenoch, Douglas]
250 ## - EDITION STATEMENT
Edition statement 1st Ed.
260 ## - PUBLICATION, DISTRIBUTION, ETC.
Place of publication, distribution, etc. Maiden, Mass
Name of publisher, distributor, etc. Blackwell Publishing
Date of publication, distribution, etc. 2008
300 ## - PHYSICAL DESCRIPTION
Extent 112 pages
Dimensions 17 cm
942 ## - ADDED ENTRY ELEMENTS
Source of classification or shelving scheme Dewey Decimal Classification
item type Book
Holdings
Withdrawn status Lost status Source of classification or shelving scheme Damaged status Not for loan Collection code Home library Current library Shelving location Date acquired Total Checkouts Full call number Barcode Date last seen Price effective from item type
    Dewey Decimal Classification     600: Technology & Applied Science Kanyamazane Kanyamazane Non Fiction 10.09.2025   610.72 PERE 33228023374760 10.09.2025 10.09.2025 Book